Statistiken für Fünf alphabetisch letzte Staaten pro Kontinent

Klicken Sie hier um das Quiz zu spielen!

Allgemein

  • Dieses Quiz wurde 6.076 mal gespielt
    (1.560 seit der letzten Aktualisierung)
  • Das Durchschnittsergebnis liegt bei 21 aus 30

Antwortstatistiken

KontinentLand% Korrekt
SüdamerikaVenezuela
89%
SüdamerikaUruguay
87%
AsienZypern
86%
NordamerikaVereinigte Staaten
85%
SüdamerikaParaguay
82%
SüdamerikaPeru
79%
OzeanienVanuatu
79%
EuropaVatikanstadt
78%
SüdamerikaSuriname
77%
AfrikaUganda
76%
OzeanienTuvalu
75%
EuropaUkraine
72%
AsienVietnam
71%
EuropaUngarn
71%
OzeanienTonga
69%
NordamerikaSt. Lucia
69%
NordamerikaTrinidad und Tobago
68%
NordamerikaSt. Kitts und Nevis
68%
NordamerikaSt. Vincent und die Grenadinen
68%
OzeanienSamoa
67%
AsienUsbekistan
66%
AfrikaZentralafrikanische Republik
62%
OzeanienSalomonen
61%
EuropaVereinigtes Königreich
60%
AfrikaTogo
57%
AsienTurkmenistan
52%
AsienVereinigte Arabische Emirate
48%
AfrikaTschad
47%
AfrikaTunesien
46%
EuropaTschechien
44%

Verteilung der Resultate

Perzentil nach korrekt beantworteten Fragen

Anzahl Personen mit jedem Resultat

Ihre Resultats-Entwicklung

Sie haben dieses Quiz seit der letzten Aktualisierung nicht gespielt